[Event "FRA-chT U20 16 GP Haute 1213"]
[Site "France"]
[Date "2013.05.18"]
[Round "8"]
[White "Schlegel, Nicolas"]
[Black "Amghar, Ismael"]
[Result "1-0"]
[WhiteElo "1597"]
[BlackElo "1776"]
[PlyCount "161"]
[EventDate "2012.12.01"]
[EventType "team"]
[EventRounds "11"]
[EventCountry "FRA"]
[SourceTitle "EXT 2014"]
[Source "ChessBase"]
[SourceDate "2013.11.20"]
[SourceVersion "1"]
[SourceVersionDate "2013.11.20"]
[SourceQuality "1"]
[WhiteTeam "Bischwiller (U20)"]
[BlackTeam "Creteil (U20)"]
[WhiteTeamCountry "FRA"]
[BlackTeamCountry "FRA"]

1. e4 e5 2. Nf3 Nc6 3. Bc4 Nf6 4. d3 Be7 5. c3 0-0 6. Bb3 d5 7. Qe2 d4 8. cxd4 Nxd4 9. Nxd4 Qxd4 10. Be3 Bb4+ 11. Kf1 Qd6 12. Nd2 Bxd2 13. Bxd2 Rd8 14. Bc2 c5 15. Rd1 Be6 16. Bc3 Ne8 17. Qh5 f6 18. h4 Bxa2 19. b3 Qe6 20. Qf5 Bxb3 21. Rb1 Bd5 22. Qxe6+ Bxe6 23. Rxb7 c4 24. Ke2 Nd6 25. Rb4 a5 26. Rb6 cxd3+ 27. Bxd3 Bc4 28. Rxd6 Rxd6 29. Bxc4+ Kf8 30. Bd5 Ra7 31. Ra1 Rda6 32. Kd3 Ke8 33. Bc4 Rd6+ 34. Bd5 Rda6 35. Kc4 Kd7 36. Kb5 a4 37. Bd2 a3 38. Be3 Ra5+ 39. Kb4 R7a6 40. Bb7 Ra4+ 41. Kb3 R6a5 42. Bb6 Rb5+ 43. Kxa4 Rxb6 44. Bd5 Rb2 45. Ra2 g5 46. hxg5 fxg5 47. Kxa3 Rb6 48. Rc2 h5 49. Rc3 Rf6 50. f3 h4 51. Kb4 Rb6+ 52. Ka3 Rg6 53. Rb3 g4 54. Rb7+ Kc8 55. fxg4 Ra6+ 56. Kb3 Ra1 57. Re7 Rg1 58. Rxe5 Rxg2 59. Rh5 Rg3+ 60. Kc4 h3 61. Be6+ Kc7 62. g5 h2 63. Rxh2 Rxg5 64. Kd4 Ra5 65. Rc2+ Kd6 66. Bg4 Ra4+ 67. Rc4 Ra5 68. Rb4 Rg5 69. Bf3 Ra5 70. Rb6+ Ke7 71. Rc6 Kd7 72. e5 Ra4+ 73. Kd5 Ra5+ 74. Rc5 Ra7 75. e6+ Ke7 76. Bg4 Rb7 77. Kc6 Rb4 78. Bf5 Rd4 79. Rd5 Rc4+ 80. Kb5 Rc1 81. Rd7+ 1-0

[Event "FRA-chT U20 GpA 1213"]
[Site "France"]
[Date "2013.01.06"]
[Round "7"]
[White "Coiffait, Pierre Basile"]
[Black "Schlegel, Nicolas"]
[Result "1-0"]
[WhiteElo "1797"]
[BlackElo "1597"]
[PlyCount "109"]
[EventDate "2012.12.01"]
[EventType "team"]
[EventRounds "7"]
[EventCountry "FRA"]
[SourceTitle "EXT 2014"]
[Source "ChessBase"]
[SourceDate "2013.11.20"]
[SourceVersion "1"]
[SourceVersionDate "2013.11.20"]
[SourceQuality "1"]
[WhiteTeam "Cannes (U20)"]
[BlackTeam "Bischwiller (U20)"]
[WhiteTeamCountry "FRA"]
[BlackTeamCountry "FRA"]

1. e4 e5 2. Nf3 Nc6 3. Bc4 Bc5 4. c3 Nf6 5. d4 exd4 6. e5 d5 7. Bb5 Ng8 8. cxd4 Bb6 9. Nc3 Nge7 10. Bg5 Be6 11. Qa4 0-0 12. Qa3 Re8 13. 0-0 a6 14. Bxc6 bxc6 15. Na4 Qd7 16. Rac1 Ng6 17. Nc5 Qc8 18. Qa4 Bg4 19. Qa3 Qf5 20. Bd2 h5 21. Ng5 Nf4 22. Bxf4 Qxf4 23. Qe3 Qxe3 24. fxe3 Re7 25. h3 Bc8 26. Kh2 g6 27. Rf6 Ba5 28. Nf3 Rb8 29. Rc2 Bf5 30. Re2 Rb6 31. a3 Rb5 32. Rxc6 Rb6 33. Rxb6 Bxb6 34. Nh4 Bc8 35. b4 g5 36. Nf3 g4 37. hxg4 Bxg4 38. Kg3 c6 39. Rc2 Ra7 40. Na4 Bd8 41. Nc5 a5 42. bxa5 Bxa5 43. Rb2 Kg7 44. Rb7 Rxb7 45. Nxb7 Bc3 46. a4 Bc8 47. Nc5 Kg6 48. Kf4 Bb4 49. Nh4+ Kh6 50. Nf5+ Bxf5 51. Kxf5 Bd2 52. Kf4 Kg6 53. Nb7 Bb4 54. a5 h4 55. a6 1-0

[Event "FRA-chT U20 1112"]
[Site "France"]
[Date "2011.12.04"]
[Round "2"]
[White "Schlegel, Nicolas"]
[Black "Burri, Quentin"]
[Result "0-1"]
[WhiteElo "1474"]
[BlackElo "1716"]
[PlyCount "44"]
[EventDate "2011.12.03"]
[EventType "team-swiss"]
[EventRounds "7"]
[EventCountry "FRA"]
[SourceTitle "EXT 2013"]
[Source "ChessBase"]
[SourceDate "2012.11.22"]
[SourceVersion "1"]
[SourceVersionDate "2012.11.22"]
[SourceQuality "1"]

1. e4 c5 2. Nf3 d6 3. d4 cxd4 4. Nxd4 Nf6 5. Nc3 a6 6. Be2 Nbd7 7. Be3 e6 8. Qd2 b5 9. a3 Bb7 10. f3 d5 11. exd5 Nxd5 12. Nxd5 Bxd5 13. 0-0 h5 14. Rad1 h4 15. h3 Nf6 16. Bg5 Bc5 17. Kh1 Qc7 18. Rfe1 Nh5 19. Bxb5+ axb5 20. Nxb5 Ng3+ 21. Kh2 Nf1+ 22. Kh1 Qh2# 0-1

[Event "FRA-chT U20 16 GP Basse 1011"]
[Site "France"]
[Date "2011.06.12"]
[Round "10"]
[White "Schlegel, Nicolas"]
[Black "Mestrallet, Ivan"]
[Result "1/2-1/2"]
[WhiteElo "1481"]
[BlackElo "1540"]
[PlyCount "75"]
[EventDate "2010.06.20"]
[EventType "team-tourn"]
[EventRounds "11"]
[EventCountry "FRA"]
[SourceTitle "EXT 2015"]
[Source "ChessBase"]
[SourceDate "2014.11.20"]
[SourceVersion "1"]
[SourceVersionDate "2014.11.20"]
[SourceQuality "1"]
[WhiteTeam "Bischwiller (U20)"]
[BlackTeam "Lyon (U20)"]
[WhiteTeamCountry "FRA"]
[BlackTeamCountry "FRA"]

1. e4 e5 2. Nf3 Nc6 3. Bc4 Bc5 4. c3 Nf6 5. d3 0-0 6. Nbd2 d5 7. exd5 Nxd5 8. 0-0 Nf4 9. Ne4 Bd6 10. Nxd6 Qxd6 11. Bxf4 exf4 12. Re1 Bg4 13. d4 Ne7 14. Bb3 Ng6 15. Qd3 Qc6 16. Bd1 Rfe8 17. Be2 Qe4 18. Qxe4 Rxe4 19. Bd3 Rxe1+ 20. Rxe1 Bxf3 21. gxf3 Kf8 22. Be4 Re8 23. Kf1 c6 24. Bxg6 Rxe1+ 25. Kxe1 hxg6 26. Kd2 Ke7 27. Kd3 Kd6 28. Kc4 a5 29. a3 b5+ 30. Kb3 Kd5 31. a4 g5 32. axb5 cxb5 33. Ka3 f5 34. h3 g6 35. b4 a4 36. Kb2 Kc4 37. Ka2 Kd5 38. Kb2 1/2-1/2

[Event "FRA-chTB U20 1011"]
[Site "France"]
[Date "2010.12.18"]
[Round "4.6"]
[White "Schlegel, Nicolas"]
[Black "Machiels, Etienne"]
[Result "0-1"]
[WhiteElo "1600"]
[BlackElo "1573"]
[PlyCount "94"]
[EventDate "2010.11.20"]
[EventType "team-tourn"]
[EventRounds "7"]
[EventCountry "FRA"]
[SourceTitle "EXT 2012"]
[Source "ChessBase"]
[SourceDate "2011.11.24"]
[SourceVersion "1"]
[SourceVersionDate "2011.11.24"]
[SourceQuality "1"]
[WhiteTeam "Bischwiller"]
[BlackTeam "Sautron"]
[WhiteTeamCountry "FRA"]
[BlackTeamCountry "FRA"]

1. e4 e5 2. Nf3 Nc6 3. Bc4 Bc5 4. c3 Nf6 5. d3 0-0 6. Bb3 d6 7. Nbd2 Nh5 8. Bc2 Nf4 9. 0-0 Bg4 10. Re1 Ne7 11. Nf1 Neg6 12. Ng3 Qf6 13. a4 a5 14. Be3 Nh4 15. d4 exd4 16. cxd4 Bb4 17. Rf1 Nxf3+ 18. gxf3 Bh3 19. Qc1 Bxf1 20. Kxf1 Ne6 21. f4 Nxd4 22. Nh5 Qh4 23. Bd1 Qh3+ 24. Kg1 Nf3+ 25. Bxf3 Qxf3 26. Ng3 c6 27. Qc2 Qg4 28. Rc1 h5 29. Kf1 Rad8 30. Qd3 d5 31. exd5 Rxd5 32. Qc2 Qg6 33. Qe2 Qg4 34. Qc2 Bd6 35. Qc4 Rd1+ 36. Rxd1 Qxd1+ 37. Kg2 Qd5+ 38. Qxd5 cxd5 39. Nxh5 Rc8 40. Ng3 Rc2 41. Nf5 Bc5 42. Bxc5 Rxc5 43. Ne3 d4 44. Nf1 d3 45. Kf3 Rc2 46. Ke3 Rxb2 47. Nd2 Ra2 0-1